00206nam a2200085Ia 4500008004100000100001800041245002500059260002800084300000800112190216s9999||||xx |||||||||||||| ||und|| aSherlekar S A 0aSecretarial Practice bNarosa Pubs Housec1969 a61p